000 00340pab a2200133 454500
008 180718b2005 xxu||||| |||| 00| 0 eng d
100 _aDurrant, Sam
245 _aThe invention of mourning of post-apartheid literature
260 _c2005
300 _ap.441-50.
650 _aApartheid
773 _aThird World Quarterly
909 _a65309
999 _c65309
_d65309